1429 1893 1917 1608 1825 1636 1126 1373 1660 1893 1502 1576 1052 1598 2000 1552 1057 1140 1280 1879 1973 1438 1854 1069 1683 1618 1146 1903 1676 1124 1198 1102 1120 1230 1991 1505 1623 1061 1755 1991 1092 1622 1802 1438 1024 1151 1238 1479 1497 1759 1819 1450 1207 1919 1643 1400 1517 1974 1546 1796 1974 1795 1202 1570 1984 1186 1592 1245 1148 1762 1073 1526 1183 1910 1912 1300 1653 1097 1369 1554 1997 1155 1376 1388 1565 1315 1311 1228 1342 1224 1843 1139 1620 1351 1905 1341 1645 1489 1898 BCNSPRNW ULIB Ver.6.0+V

เปลี่ยนเป็นภาษาไทย

Change to English
 แสดงรายละเอียดบรรณานุกรม
  กลับหน้าหลัก

Brief Record : Get Marc (ISO 2709) : E-mail record : QR code < ปิดหน้าต่าง
LEADER : 00000nam 2200000uu 4500
001    13399114793
003     ULIB
008    120518s2553||||th 000 0 tha d
060 04 ^aWY157^bส7825ก
100 0  ^aสุปิยา วิริไฟ
245 10 ^aการพยาบาลในระยะหลังคลอดปกติ /^cสุปิยา วิริไฟ และสิวาพร พานเมือง
260    ^aกรุงเทพฯ :^bศูนย์สื่อเสริมกรุงเทพฯ,^c2553
300    ^a64 หน้า :^bภาพประกอบ ;^c26 ซม.
500    ^a ได้รับทุนสนับสนุนการผลิตตำราจากวิทยาลัยพยาบาลศรีมหาสารคาม สถาบันำระบรมราชชนกกระทรวงสาะารรณสุข พุทธศักราช 2553
650  7 ^aการคลอด
650  7 ^aการพยาบาลสูติศาสตร์
700    ^a สิวาพร พานเมือง
945    ^p0^l0^i031775
995    ^a เกษร
999    ^aใช้งานได้ทุกระบบ
รายการนี้ยังไม่มีแท็ก
คุณยังไม่ได้ล็อกอิน คุณสามารถมีกิจกรรมร่วมกับเว็บไซต์ได้ แต่ต้องล็อกอินก่อน ::
  ล็อกอิน

รายการสื่อสารสนเทศ

ลำดับที่ ประเภท เลขเรียก/บาร์โค้ด สถานที่ สถานะ
1. วิทยาศาสตร์การแพทย์ และสุขภาพ
หนังสือสำรอง
สถานะ=หนังสือสำรอง
WY157 ส7825ก ฉ.1 
  Barcode: 031775
ห้องสมุดวิทยาเขตนครสวรรค์
►ส่วนจัดเก็บหนังสือเก่า นว.
บนชั้น
  ขอยืม

รายการใกล้เคียง
    หัวเรื่อง [การคลอด]
    หัวเรื่อง [การพยาบาลสูติศาสตร์]

BibComment


ยังไม่เคยถูกคอมเมนท์

คอมเมนท์ทรัพยากรรายการนี้
  คอมเมนท์: การพยาบาลในระยะห..


 Copyright 2026. Bcnsprnw @Library